| 000 | nam a22 7a 4500 | ||
|---|---|---|---|
| 999 |
_c41032 _d41032 |
||
| 003 | OSt | ||
| 005 | 20180216154219.0 | ||
| 008 | 180216b xxu||||| |||| 00| 0 eng d | ||
| 040 | _cIIMT | ||
| 100 | _aNAND,PRATIBHA | ||
| 245 |
_aTEXT BOOK OF HOSPITAL AND CLINICAL PHARMACY THEORY AND _bPRACTICE |
||
| 260 |
_aNEW DELHI _bBIRLA _c2017 |
||
| 300 | _a528 | ||
| 942 |
_2ddc _c02 |
||